MDQL
is popping MORE tags! Check the
thread
!
Quizzes
Events
Quiz Creation
Community
Videos
Private Events
Remove Ads
Sign In
Join for FREE
Feedback
Dark Mode
Quiz Categories
Sports
Geography
Music
Movies
Television
Just For Fun
Miscellaneous
History
Literature
Language
Science
Gaming
Entertainment
Religion
Holiday
For Kids
Quiz Lab
Recent
Popular Today
Quiz Kudos Today
Editor Picks
Curator Picks
Quizzes by...
Day
Popularity
Type
Ratings
Length
Year
Community
Subscriptions
Recent Discussions
Orange Saloon
Badges
Playlists
Quests
Create
Leaderboards
Showdown
Live 5
Trivia Bingo
Activity
Puzzle Library
Sporcle Events
Private Events
Virtual Trivia
Globe League
Become a Host
Pub Owners
SporcleCon
Opinionation
Our Games
Videos
Blog
Mobile Apps
Partnerships
Remove Ads and Go Orange
Feedback
Television
TV Characters
TV Show
Sitcom
Network
Friends
Reality Shows
Cast
South Park
Star Trek
The Simpsons
Doctor Who
Television
TV Characters
TV Show
Sitcom
Network
Friends
Reality Shows
Cast
South Park
Star Trek
The Simpsons
Doctor Who
Random Quiz
Search Sporcle
×
Quiz Lab
Quiz Lab
Television
ben
Type in answers that appear in a list
Type in answers that appear in a list
Classic
Best Score? Go Orange.
Ben 10's Aliens in ultimate alien Stats
Can you name the Ben 10's Aliens in ultimate alien?
By
mcomisky21
7m
24 Questions
413 Plays
413 Plays
413 Plays
Comments
Comments
Give Quiz Kudos
Give Quiz Kudos
-
- Ratings
hide this ad
Replay
Link that replays current quiz
Next Quiz
Link to next quiz in quiz playlist
You Got
0%
They Got
Avg Score
48%
Avg Friend Score
Upgrade to see
Score Distribution
Jump to the score distribution portion of the page
Score
0/24
Timer
07:00
0
Plays Today
% Correct
Swamp Fire
74.3%
Big Chill
70.9%
Echo Echo
67.6%
Spidermonkey
67.3%
Jet Ray
57.1%
Way Big
56.7%
NRG
55.7%
Alien-X
55.4%
Waterhazard
55.2%
Goop
52.5%
Chromastone
49.4%
Terraspin
48.9%
% Correct
Cannonbolt
48.2%
Brain Storm
47.7%
Rath
47.2%
Fourarms
46%
Humungousaur
44.8%
Armodrillo
44.1%
AmpFibian
35.4%
Diamondhead
34.4%
Upchuck
32.2%
Nanomech
32%
Ripjaws
18.2%
Load Star
14.3%
Quiz Playlist
Details
Report
Send in Message
Add To Playlist
Classic:
Type in answers that appear in a list
Last Updated: Feb 16, 2017
Quiz Scoreboard
CHALLENGE
Sign Up to Join the Scoreboard
Show All
Scores
Hide
Comments
May contain spoilers
Recently Published
Holiday 10x10 Sorting Gallery
by lukepisani3
Holiday
15m
Two Season TV Shows II
by 123Four
Television
10m
Image Sorting: Flags VI
by Barbecue
Geography
2m
More to Explore
Quiz From the Vault
Featured Blog Post
14 Easter Pick-up Lines to Find Eggs With
hide this ad
You Might Also Like...
Tags
alien
ben
Ben 10
ultimate
Today's Top Quizzes in Television
Browse Television
hide this ad
Today's Top Quizzes in ben
Browse ben
Top Contributed Quizzes in Television
1
Survivor Journey Challenge
2
Even More Two Season TV Shows
3
Adjectives in 00s TV Shows
4
Even More Three Season TV Shows
5
Survivor Logic Puzzle: Heroes vs. Villains
6
Adjectives in 10s TV Shows
7
One Season TV Shows
8
One Piece Logic Puzzle
9
Brooklyn Nine Nine Logic Puzzle (How-To-Play)
10
Click the SpongeBob Episodes (Season 3)
Explore More
Trending Topics
Anime
Marvel
NBA
Crossword
Disney
Harry Potter
Kpop
NFL
Soccer
The Office
Puzzle
WWE
Song
Country
Pokémon
hide this ad
More By:
mcomisky21
Quiz
Plays
Rating
Category
Featured
Created
Lego Ninjago characters
4,992
1.86
Gaming
Jan 27, 2011
Toy Story Lego Characters
1,316
2.11
Just For Fun
Sep 25, 2010
Major Philadelphia Sport Teams
574
1.90
Sports
Feb 21, 2011
Lego Pirates of the Caribbean Characters
443
1.00
Gaming
Jan 2, 2012
Ben 10's Aliens in ultimate alien
413
3.00
Television
Jan 30, 2011
Go to Creator's Profile
Score Distribution
Quiz Creator Spotlight
mcomisky21
Follow
Send a Message
Quizzes Created
-
Created Quiz Play Count
-
More By This Creator
Popular Quizzes Today
1
Find the US States - No Outlines Minefield
2
Colored Red Africa Blitz
3
Find the 'City' Movie
4
The Countries of the World
5
Find the US States
6
5x2 Blitz: Bands
7
Find the Countries of Europe - No Outlines Minefield
8
US States
More Television Quizzes
Don't Hug Me I'm Scared (TV) Character Click
Quiz Lab
Trending Quizzes
Colored Red Europe Blitz I
Colored Red Europe Blitz II
Colored Red Africa Blitz II
Colored Red Europe Blitz III
Colored Red Africa Blitz III
Recently Updated
Odd Team Out - Big 4 Players
pecheneg
Quick Pick: 20 Twenties
pecheneg
March Madness Men's Triple Doubles
pecheneg
How Do You Spell That?
pecheneg
Godzilla Movies
pecheneg
Grab Bag: 4-10 Letters
pecheneg
2024 March Madness Bracket
pecheneg
Famous TV Couples
Peacemaker
Champions League XIs: Real Madrid
pecheneg
Largest US Cities 1790-2010
pecheneg
Trending Topics
NBA
Disney
Anime
Marvel
Crossword
Harry Potter
Kpop
Song
The Office
WWE
Soccer
Country
Puzzle
NFL
Pokémon
Your Account Isn't Verified!
In order to create a playlist on Sporcle, you need to verify the email address you used during registration. Go to your
Sporcle Settings
to finish the process.
Report this User
Report this user for behavior that violates our
Community Guidelines
.
Details:
Send Report
Go to the Sporcle.com Mobile Site →
Comments